| 000 | 00575nam a2200181 4500 | ||
|---|---|---|---|
| 003 | OSt | ||
| 005 | 20180116183052.0 | ||
| 008 | 160830b xxu||||| |||| 00| 0 eng d | ||
| 020 | _a4906224911 | ||
| 040 | _c0 | ||
| 082 | _a658.562 HOS 1992 | ||
| 100 | _aHosotani , Katsuya | ||
| 245 |
_aThe QC Problem-Solving Approach : _bsolving workplace problems the Japanese way _cKatsuya Hosotani |
||
| 260 |
_aTokyo Japan _bJUSE _c1992 |
||
| 300 |
_a167 p. _bphoto copy |
||
| 440 | _aThe QC Problem-Solving Approach / solving workplace problems the Japanese way | ||
| 942 |
_2ddc _cBK |
||
| 999 |
_c351666 _d351666 |
||